Carregant...
M T Yude novalukalile nayaka sangalppam
| Autor principal: | |
|---|---|
| Publicat: |
Kalady (regional Centre - Thiroor)
Sree Sankaracharya University of Sanskrit
1996
|
| Matèries: |
| LEADER | 00525nam a22001337a 4500 | ||
|---|---|---|---|
| 082 | |a AM 894.812 3 |b CHI/MTY | ||
| 100 | |a Chitra O R |9 54275 | ||
| 245 | |a M T Yude novalukalile nayaka sangalppam |c Chitra O R | ||
| 260 | |a Kalady (regional Centre - Thiroor) |b Sree Sankaracharya University of Sanskrit |c 1996 | ||
| 300 | |a 47p | ||
| 650 | |a Malayalam |9 54276 | ||
| 942 | |c PGD | ||
| 999 | |c 137713 |d 137713 | ||
| 952 | |0 0 |1 0 |4 0 |6 AM_894_812000000000000_3_CHI_MTY |7 0 |9 95023 |a SSUS |b SSUS |c REF |d 2018-06-27 |o AM 894.812 3 CHI/MTY |p D1123 |r 2018-06-27 |w 2018-06-27 |y PGD | ||